000 01370cam a22003254a 4500
001 12907067
003 OSt
005 20240625094204.0
008 020826s2003 nyu b 001 0 eng
010 _a 2002031552
020 _a0521825474 (HB)
040 _aDLC
_cmust
_dDLC
042 _apcc
050 0 0 _aQH366.2
_b.C73 2003
082 0 0 _a576.8 COR 2003
_221
100 1 _aCorning, Peter A.,
_d1935-
_917741
245 1 0 _aNature's magic :
_bsynergy in evolution and the fate of humankind /
_cPeter A. Corning.
260 _aNew York :
_bCambridge University Press,
_c2003.
300 _aix, 454 p. ;
_c24 cm.
504 _aIncludes bibliographical references (p. 372-429).
650 0 _aEvolution (Biology)
_913605
650 0 _aHuman evolution.
_9281
856 4 1 _3Sample text
_uhttp://www.loc.gov/catdir/samples/cam033/2002031552.html
856 4 2 _3Publisher description
_uhttp://www.loc.gov/catdir/description/cam031/2002031552.html
856 4 1 _3Table of contents
_uhttp://www.loc.gov/catdir/toc/cam031/2002031552.html
856 4 2 _3Contributor biographical information
_uhttp://www.loc.gov/catdir/enhancements/fy0731/2002031552-b.html
906 _a7
_bcbc
_corignew
_d1
_eocip
_f20
_gy-gencatlg
942 _2ddc
_cO_SHELF
999 _c8778
_d8778